Modern database management
Saved in:
| Main Author: | |
|---|---|
| Other Authors: | , |
| Format: | Book |
| Published: |
New Jersey :
Pearson Education,
©2002
|
| Edition: | 6th ed. |
| Subjects: | |
| Tags: |
Add Tag
No Tags, Be the first to tag this record!
|
MARC
| LEADER | 00000nam a2200000 4500 | ||
|---|---|---|---|
| 020 | |a 0130423556 | ||
| 040 | |a MUL |b eng. |e AACR | ||
| 082 | |a 005.74 HOF | ||
| 100 | |a Hoffer, Jeffrey A. | ||
| 245 | |a Modern database management |c / Jeffrey A. Hoffer, Mary B. Prescott and Fred R. McFadden | ||
| 250 | |a 6th ed. | ||
| 260 | |a New Jersey : |b Pearson Education, |c ©2002 | ||
| 300 | |a xxxiv, 638 p. : |b some col. ill. ; |c 26 cm | ||
| 504 | |a Includes index | ||
| 546 | |a eng | ||
| 650 | |a Database management | ||
| 700 | |a Prescott, Mary B. | ||
| 700 | |a McFadden, Fred R. | ||
| 942 | |c BK | ||
| 999 | |c 6998 |d 6998 | ||